[Event "Challenge"]
[Site "http://www.queenalice.com/game.php?id=251944"]
[Date "2007.8.6"]
[Round "-"]
[White "Am0n"]
[Black "kretin_alan"]
[Result "0-1"]
[WhiteElo "1445"]
[BlackElo "1546"]

1. e3 g6 2. d4 Bg7 3. g4 d5 4. Bg2 Nc6 5. Ne2 Bxg4 6. f3 Bh5 7. e4 e6 8. exd5
Qxd5 9. Nf4 Qxd4 10. c3 Qxd1+ 11. Kxd1 O-O-O+ 12. Bd2 Nge7 13. Na3 Bh6 14. Re1
Bxf4 0-1

[Event "Challenge"]
[Site "http://www.queenalice.com/game.php?id=251945"]
[Date "2007.8.6"]
[Round "-"]
[White "Am0n"]
[Black "Luke1416"]
[Result "0-1"]
[WhiteElo "1557"]
[BlackElo "1489"]

1. e3 e5 2. c4 c5 3. d4 cxd4 4. exd4 exd4 5. Qf3 Nc6 6. c5 Bxc5 7. Bc4 Nf6 8.
Bg5 O-O 9. Qg3 Re8+ 10. Ne2 Qe7 11. Bxf6 Qxf6 12. f4 d3 13. Qxd3 Qxb2 14. Qf5
Re7 15. h4 Qxa1 16. Kd2 Bb4+ 17. Nec3 Bxc3+ 18. Nxc3 Qxh1 19. Nd5 Qe1+ 20. Kd3
Nb4+ 21. Kd4 Nxd5 22. Bxd5 Qd2+ 23. Kc5 d6+ 24. Kxd6 Bxf5 25. Kxe7 Qb4# 0-1

[Event "Challenge"]
[Site "http://www.queenalice.com/game.php?id=252603"]
[Date "2007.8.7"]
[Round "-"]
[White "Am0n"]
[Black "ulisses34"]
[Result "0-1"]
[WhiteElo "1512"]
[BlackElo "1439"]

1. e4 e5 2. d3 Bb4+ 3. c3 Bc5 4. d4 exd4 5. cxd4 Bb4+ 6. Bd2 Bd6 7. g4 Nc6 8. d5
Nd4 9. h4 Qe7 10. Nc3 Be5 11. Be3 Qf6 12. f4 Bxf4 13. g5 Bg3+ 14. Kd2 Qe5 15.
Nf3 Be1+ 16. Kxe1 Qg3+ 17. Bf2 Nxf3+ 18. Ke2 Qf4 19. Be3 Ng1+ 20. Bxg1 d6 21.
Bh2 Qxh4 22. Ke3 Bg4 23. Qd4 Qxg5+ 24. Kd3 Ne7 25. Rg1 c5 26. Qf2 h5 27. e5 Bf5+
28. Ne4 Bxe4+ 29. Kxe4 Qh6 30. e6 fxe6 31. dxe6 Rf8 32. Qh4 Qxe6+ 33. Kd3 c4+
34. Kc3 Qe3+ 35. Kxc4 Rc8+ 36. Kb4 Qc5+ 37. Ka4 a6 38. Re1 b5+ 39. Ka5 Qc7+ 40.
Kb4 a5+ 41. Kb3 Rf3+ 42. Bd3 Rxd3# 0-1

[Event "Challenge"]
[Site "http://www.queenalice.com/game.php?id=253115"]
[Date "2007.8.8"]
[Round "-"]
[White "Am0n"]
[Black "pedrogarciass"]
[Result "0-1"]
[WhiteElo "1602"]
[BlackElo "1337"]

1. e3 d5 2. d4 Nf6 3. g4 Bxg4 4. f3 Bh5 5. b4 e6 6. Bg2 Bxb4+ 7. c3 Bxc3+ 8.
Nxc3 a6 9. Qa4+ c6 10. Ba3 Bg6 11. e4 dxe4 12. Qb4 b5 13. fxe4 Ng4 14. Nf3 Ne3
15. d5 Nc2+ 16. Kd2 Nxb4 17. Bxb4 cxd5 18. Rhd1 Qc7 19. Ng5 Qf4+ 20. Kd3 Qxg5
21. Ne2 Qxg2 22. Rdc1 Qxe4+ 23. Kc3 Qxe2 24. Kb3 Nd7 25. Rc7 Qd3+ 26. Kb2 Qd4+
27. Kb3 Qxa1 28. Bc3 Qb1+ 29. Ka3 O-O 30. Rxd7 Rfc8 31. Bb2 Qd3+ 32. Kb4 a5# 0-1

[Event "Challenge"]
[Site "http://www.queenalice.com/game.php?id=254287"]
[Date "2007.8.11"]
[Round "-"]
[White "JCJ"]
[Black "Am0n"]
[Result "1-0"]
[WhiteElo "1426"]
[BlackElo "1485"]

1. e4 d6 2. d4 c5 3. Bb5+ Bd7 4. a4 e5 5. dxc5 dxc5 6. Nf3 a6 7. Bc4 Nc6 8. Bd5
Nce7 9. Bxb7 Rb8 10. Bxa6 Qa5+ 11. Nc3 g5 12. Qd6 Rb6 13. Qxe5 Qxa6 14. Qxh8 Rd6
15. Be3 Qb6 16. O-O Qxb2 17. Bxc5 Rh6 18. Nxg5 Qxc2 19. a5 Nf6 20. Rac1 Qd2 21.
Be3 Qd3 22. Nd5 Nexd5 23. exd5 Rg6 24. Ra1 Ke7 25. a6 Rg8 26. Qxg8 Nxg8 27. a7
Bg7 28. a8=Q Bb5 29. Rab1 Bb2 30. Qxg8 Qxd5 31. Rfd1 Qb3 32. Bc5+ Kf6 33. Nxh7+
Ke5 34. Qg5+ Ke4 35. Qe3+ Qxe3 36. fxe3 Ba4 37. Rd4+ Bxd4 38. Bxd4 f5 39. Rf1
Bd7 40. Rf4+ Kd3 41. h4 Kc4 42. Nf6 Bc6 43. Rxf5 Kd3 44. h5 Ke2 45. Rf2+ Kd3 46.
h6 1-0

[Event "Challenge"]
[Site "http://www.queenalice.com/game.php?id=254296"]
[Date "2007.8.11"]
[Round "-"]
[White "Tenna"]
[Black "Am0n"]
[Result "1-0"]
[WhiteElo "1712"]
[BlackElo "1637"]

1. e4 e5 2. Nf3 d5 3. Nxe5 Bc5 4. d4 Bb4+ 5. c3 Bd6 6. exd5 b5 7. Bxb5+ c6 8.
dxc6 f6 9. c7+ Bd7 10. cxd8=Q+ Kxd8 11. Nf7+ Ke7 12. Nxd6 Be6 13. Qh5 Kxd6 14.
Qc5# 1-0

[Event "Challenge"]
[Site "http://www.queenalice.com/game.php?id=254297"]
[Date "2007.8.11"]
[Round "-"]
[White "Joe_Boyd"]
[Black "Am0n"]
[Result "1-0"]
[WhiteElo "1781"]
[BlackElo "1538"]

1. e4 d6 2. d4 e5 3. dxe5 b5 4. exd6 cxd6 5. Bxb5+ Ke7 6. Nc3 Bb7 7. Nf3 Nc6 8.
Nd5+ Kd7 9. Ng5 Qe8 10. Qg4+ Kd8 11. Qf5 Nge7 12. Qxf7 Qd7 13. Ne6+ Kc8 14. Nxf8
Qg4 15. Qe6+ Qxe6 16. Nxe6 Nxd5 17. exd5 Ne7 18. c4 a6 19. Ba4 a5 20. Bf4 g5 21.
Bxd6 Rd8 22. Bxe7 Kb8 23. Nxd8 Ba6 24. Nc6+ Kc7 25. d6+ Kd7 26. c5 h5 27. Nd4+
Kc8 28. c6 Ra7 29. d7+ Kc7 30. d8=Q# 1-0

[Event "Shall we play?"]
[Site "http://www.queenalice.com/game.php?id=255976"]
[Date "2007.8.15"]
[Round "-"]
[White "Alacrity"]
[Black "Am0n"]
[Result "1-0"]
[WhiteElo "1593"]
[BlackElo "1493"]

1. e4 e5 2. d3 b5 3. Nf3 Bb7 4. Nxe5 f5 5. exf5 Qf6 6. Qh5+ g6 7. fxg6 hxg6 8.
Qxg6+ Ke7 9. Bg5 Ke6 10. Bxf6 Nxf6 11. Qf7+ Kxe5 12. f4+ Kf5 13. g4+ Kxf4 14.
Qxf6+ Kxg4 15. Be2+ Kh3 16. Qf5+ Kh4 17. Qg4# 1-0

[Event "Challenge"]
[Site "http://www.queenalice.com/game.php?id=259849"]
[Date "2007.8.22"]
[Round "-"]
[White "piazzi"]
[Black "Am0n"]
[Result "1-0"]
[WhiteElo "1574"]
[BlackElo "1493"]

1. e4 e5 2. Nf3 Qf6 3. Bc4 Nh6 4. d3 d5 5. exd5 Nf5 6. g4 Nh4 7. Nxh4 Qxh4 8. h3
Bc5 9. Qf3 Bxg4 10. Qxg4 Qxf2+ 11. Kd1 1-0

[Event "Revanche"]
[Site "http://www.queenalice.com/game.php?id=260855"]
[Date "2007.8.24"]
[Round "-"]
[White "Luke1416"]
[Black "Am0n"]
[Result "1-0"]
[WhiteElo "1442"]
[BlackElo "1503"]

1. e4 e6 2. d4 b5 3. Bxb5 c6 4. Bd3 f6 5. Nf3 g5 6. O-O Nh6 7. Nc3 f5 8. exf5
exf5 9. Bxg5 Qb6 10. Bxh6 Bxh6 11. Qe2+ Kd8 12. b3 Re8 13. Qd1 Qa5 14. Ne2 d5
15. c4 dxc4 16. Bxc4 Rg8 17. Bxg8 Ba6 18. Bxh7 Qb5 19. Re1 f4 20. Bd3 Qh5 21.
Bxa6 Nxa6 22. Qd3 Kd7 23. Qxa6 Rg8 24. Qxa7+ Kd6 25. Rac1 Qg6 26. g3 fxg3 27.
fxg3 Be3+ 28. Kg2 Qe4 29. Qc5+ Ke6 30. Qxc6+ Kf5 31. Qxe4+ Kxe4 32. Rc4 Bf4 33.
Nxf4+ Kf5 34. Re5+ Kg4 35. d5 Rf8 36. Rg5# 1-0

[Event "Challenge"]
[Site "http://www.queenalice.com/game.php?id=477750"]
[Date "2008.10.15"]
[Round "-"]
[White "sebastiam"]
[Black "Am0n"]
[Result "1-0"]
[WhiteElo "1562"]
[BlackElo "1377"]

1. e3 e5 2. Nh3 b6 3. Qf3 Qe7 4. Na3 Qb4 5. Ng5 Ke7 6. Qxf7+ Kd6 7. Qxf8+ Kd5 8.
Qxb4 c5 9. Qc4+ Kc6 10. Nb5 Kb7 11. Nd6+ Kc7 12. Qd5 Kd8 13. Qxa8 Ke7 14. Qxb8
Nf6 15. Ngf7 Rf8 16. Bc4 Ba6 17. Nf5# 1-0